LEADER 02929nam 2200625Ia 450 001 9910139944603321 005 20170816120157.0 010 $a1-282-23710-1 010 $a9786612237102 010 $a1-4443-1694-X 010 $a1-4443-1695-8 035 $a(CKB)1000000000790678 035 $a(EBL)454283 035 $a(OCoLC)505077718 035 $a(SSID)ssj0000353876 035 $a(PQKBManifestationID)11233148 035 $a(PQKBTitleCode)TC0000353876 035 $a(PQKBWorkID)10302088 035 $a(PQKB)11032482 035 $a(MiAaPQ)EBC454283 035 $a(EXLCZ)991000000000790678 100 $a20081022d2009 uy 0 101 0 $aeng 135 $aur|n|---||||| 181 $ctxt 182 $cc 183 $acr 200 00$aBasic cardiac electrophysiology for the clinician$b[electronic resource] /$fJose? Jalife ... [et al.] 205 $a2nd ed. 210 $aOxford ;$aHoboken, NJ $cWiley-Blackwell$d2009 215 $a1 online resource (358 p.) 300 $aDescription based upon print version of record. 311 $a1-4051-8333-0 320 $aIncludes bibliographical references and index. 327 $aBasic Cardiac Electrophysiology for the Clinician, Second Edition; Contents; Acknowledgments; Foreword to the Second Edition; Foreword to the First Edition; Introduction; CHAPTER 1: Bioelectricity; CHAPTER 2: Ion Channels; CHAPTER 3: Ion Channel Regulation; CHAPTER 4: Impulse Initiation and Propagation in Cardiac Muscle; CHAPTER 5: Rate Dependency of Discontinuous Propagation; CHAPTER 6: Basic Mechanisms of Cardiac Arrhythmias; CHAPTER 7: Rotors, Spirals, and Scroll Waves in the Heart; CHAPTER 8: Rotors and the Mechanisms of Atrial Fibrillation 327 $aCHAPTER 9: Molecular Mechanisms of Ventricular FibrillationCHAPTER 10: Inheritable Arrhythmogenic Diseases; Bibliography; Index 330 $aThis book translates fundamental knowledge in basic cardiac electrophysiology from the bench to the bedside. Revised and updated for its second edition, the text offers new coverage of the molecular mechanisms of ion channel behavior and its regulation, complex arrhythmias, and the broadening roles of devices and ablation. Clear, straightforward explanations are illustrated by plentiful diagrams to make the material accessible to the non-specialist. 606 $aHeart$xElectric properties 606 $aElectrophysiology 606 $aArrhythmia 606 $aHeart conduction system 608 $aElectronic books. 615 0$aHeart$xElectric properties. 615 0$aElectrophysiology. 615 0$aArrhythmia. 615 0$aHeart conduction system. 676 $a612.171 701 $aJalife$b Jose?$0944261 801 0$bMiAaPQ 801 1$bMiAaPQ 801 2$bMiAaPQ 906 $aBOOK 912 $a9910139944603321 996 $aBasic cardiac electrophysiology for the clinician$92131635 997 $aUNINA LEADER 00821nam a2200253 i 4500 001 991002027229707536 005 20020508185239.0 008 990113s1964 it ||| | ita 035 $ab10948399-39ule_inst 035 $aPARLA153211$9ExL 040 $aDip.to Filosofia$bita 082 0 $a853.91 100 1 $aDavi, Luigi$0446094 245 12$aL'aria che respiri /$cLuigi Davi 260 $aTorino :$bEinaudi,$c1964 300 $a271 p. ;$c20 cm. 440 2$aI coralli ;$v193 650 4$aNarrativa$y1900 907 $a.b10948399$b21-09-06$c28-06-02 912 $a991002027229707536 945 $aLE005 800 DAV01. 01$g1$i2005000037160$lle005$o-$pE0.00$q-$rl$s- $t0$u0$v0$w0$x0$y.i11055777$z28-06-02 996 $aAria che respiri$999482 997 $aUNISALENTO 998 $ale005$b01-01-99$cm$da $e-$fita$git $h2$i1